Surveyors acting as arbitrators in commercial property rent review in Scotland (Record no. 115166)

MARC details
000 -LEADER
fixed length control field 01369cad a22002415a 4500
001 - CONTROL NUMBER
control field L158139
008 - FIXED-LENGTH DATA ELEMENTS--GENERAL INFORMATION
fixed length control field 140903s2014 xxk f 000 0 eng d
020 ## - INTERNATIONAL STANDARD BOOK NUMBER
International Standard Book Number 9781783210664
035 ## - SYSTEM CONTROL NUMBER
System control number (Sirsi) u158139
041 0# - LANGUAGE CODE
Language code of text/sound track or separate title eng
050 04 - LIBRARY OF CONGRESS CALL NUMBER
Classification number 347.4109 $2 18
110 1# - MAIN ENTRY--CORPORATE NAME
Corporate name or jurisdiction name as entry element Royal Institution of Chartered Surveyors
9 (RLIN) 4900
245 00 - TITLE STATEMENT
Title Surveyors acting as arbitrators in commercial property rent review in Scotland
Remainder of title RICS guidance note
Medium [electronic resource]
250 ## - EDITION STATEMENT
Edition statement 9th edition
260 ## - PUBLICATION, DISTRIBUTION, ETC.
Place of publication, distribution, etc. London
Name of publisher, distributor, etc. RICS
Date of publication, distribution, etc. 2014
520 ## - SUMMARY, ETC.
Summary, etc. Offers guidance to chartered surveyors who are appointed by the Chairman of RICS Scotland or directly by parties to act as arbitrators in commercial property rent reviews. Discusses the principles of arbitration, the powers and duties of the arbitrator, steps leading up to the appointment of an arbitrator, involvements and conflicts of interest, inability to act and replacement of an arbitrator, rules of evidence, the arbitration proceedings, evaluating evidence, the award, fees and costs.
590 ## - LOCAL NOTE (RLIN)
Local note KA
650 24 - SUBJECT ADDED ENTRY--TOPICAL TERM
Topical term or geographic name entry element ARBITRATION (SCOTLAND) ACT 2010
651 #4 - SUBJECT ADDED ENTRY--GEOGRAPHIC NAME
Geographic name Scotland
690 ## - LOCAL SUBJECT ADDED ENTRY--TOPICAL TERM (OCLC, RLIN)
Topical term or geographic name as entry element Commercial property
9 (RLIN) 6227
856 40 - ELECTRONIC LOCATION AND ACCESS
Uniform Resource Identifier <a href="https://www.rics.org/Documents/Surveyors_acting_as_arbitrators_Scotland_9th_edition_PGguidance_2014.pdf">https://www.rics.org/Documents/Surveyors_acting_as_arbitrators_Scotland_9th_edition_PGguidance_2014.pdf</a>
Public note View the item free of charge (members-only) from the www.rics.org/guidance...
942 ## - ADDED ENTRY ELEMENTS (KOHA)
Suppress in OPAC 0
Holdings
Withdrawn status Lost status Source of classification or shelving scheme Damaged status Not for loan Home library Current library Shelving location Date acquired Total Checkouts Full call number Barcode Date last seen Copy number Price effective from Koha item type
    Dewey Decimal Classification     Virtual Virtual Online 03/09/2014   ONLINE PUBLICATION 158139-2001 06/08/2019 1 06/08/2019 Book